00432nam a2200193Ia 4500003000900000008004100009040001300050040001300063041000800076100001900084245003800103250001200141260001400153260000900167300001100176300001000187490003500197490000600232IT-RoPAU120407s9999 xx 000 0 und d aIT-RoPAU cIT-RoPAU aita aOscar Cullmann aIntroduzione al Nuovo Testamento. aBologna aIl Mulino c1968 a162 p. c22 cm a1. Bibbia. N. T. Introduzioni. v1